| 000 | 01199nam a22002537a 4500 | ||
|---|---|---|---|
| 005 | 20170124102926.0 | ||
| 010 | _aB-075966 | ||
| 020 | _c250.00 | ||
| 035 | _aB-075966 | ||
| 037 | _bCen Lib/Ret | ||
| 040 |
_aDPL _bHN |
||
| 082 |
_a823.88 _bअग्रवा |
||
| 100 |
_aअग्रवाल, उर्मिला _942466 |
||
| 245 |
_aआठवें दशक की हिंदी कहानी में दांपत्य सम्बन्ध / _cउर्मिला अग्रवाल |
||
| 246 |
_aAadhwen dashak ki hindi kahani me daampatye sambandh _bby Urmila Agarwal |
||
| 260 |
_bईशान प्रकाशन _aमेरठ _c2002 |
||
| 270 |
_a17, शिवपुरी, निकट पुराना ईव्ज़ सिनेमा _bमेरठ _e250 001 |
||
| 300 |
_a240पृ. _c20सेमी (सजिल्द) |
||
| 650 |
_aहिंदी -- आंठवें दशक की कहानियां _943583 |
||
| 650 |
_aहिंदी कहानियां _92082 |
||
| 650 |
_aHindi -- eighth decade stories _943584 |
||
| 650 |
_aHindi stories _943585 |
||
| 942 |
_2ddc _cHN _h823.88 _mअग्रवा |
||
| 999 |
_c111581 _d111581 |
||